000 00237nam a2200097 a 4500
005 20200930075638.0
008 120112s1958 000 spa d
245 0 _aEspaƱa, potencia americana.
260 _aChile,
_c1958.
999 _c35768
_d35768
040 _aDO-SdBNP